[Event "ODJM A 2015"]
[Site "Willingen GER"]
[Date "2015.05.29"]
[Round "8"]
[White "Neumann, Tiemon"]
[Black "Bosse, Lea"]
[Result "1/2-1/2"]
[Termination "normal"]
[Board "31"]
[WhiteElo "1664"]
[BlackElo "1641"]
[PlyCount "89"]
[WhiteFideId "12925462"]
[BlackFideId "12900419"]
[EventCountry "GER"]
[EventRounds "9"]
[EventType "swiss"]
[EventDate "2015.05.23"]

1. e4 e6 2. Nf3 d5 3. Nc3 Nf6 4. e5 Nfd7 5. d4 c5 6. dxc5 Nc6 7. Bf4 Nxc5 8.
Bd3 Nxd3+ 9. Qxd3 a6 10. O-O Be7 11. Rfe1 O-O 12. Ne2 Bd7 13. a3 f6 14. c4 fxe5
15. Nxe5 Nxe5 16. Bxe5 Qb6 17. Qg3 Bf6 18. Bxf6 Rxf6 19. cxd5 exd5 20. b4 Raf8
21. Qe3 Qxe3 22. fxe3 Rc8 23. Nd4 Rc3 24. a4 Rc4 25. b5 axb5 26. axb5 Rb4 27.
Ra7 Rb6 28. Ra8+ Kf7 29. Rd8 Ke7 30. Rg8 Rg6 31. Rb8 Rb2 32. Re2 Rxe2 33. Nxe2
Rb6 34. Rg8 Kf7 35. Rd8 Bxb5 36. Nf4 Bc6 37. Nxd5 Rb1+ 38. Kf2 Rd1 39. e4 Rd2+
40. Kf3 b5 41. h3 Bxd5 42. exd5 Kf6 43. d6 Ke6 44. Re8+ Kf6 45. Rb8 1/2-1/2

[Event "ODJM A 2015"]
[Site "Willingen GER"]
[Date "2015.05.29"]
[Round "8"]
[White "Faulhaber, Tobias"]
[Black "Schimnatkowski, Lukas"]
[Result "1-0"]
[Termination "normal"]
[Board "32"]
[WhiteElo "1917"]
[BlackElo "1851"]
[PlyCount "85"]
[WhiteFideId "1271914"]
[BlackFideId "12936723"]
[EventCountry "GER"]
[EventRounds "9"]
[EventType "swiss"]
[EventDate "2015.05.23"]

1. e4 e6 2. d4 d5 3. exd5 exd5 4. Bd3 Nf6 5. Ne2 c5 6. dxc5 Bxc5 7. O-O h6 8.
Nd2 O-O 9. Nb3 Bb6 10. Bf4 Nc6 11. c3 Be6 12. Kh1 Qd7 13. f3 Nh5 14. Bc2 Rfe8
15. Qd3 Bf5 16. Qxf5 Qxf5 17. Bxf5 Rxe2 18. Bd2 Rae8 19. Rae1 Rxe1 20. Rxe1
Rxe1+ 21. Bxe1 g6 22. Bc8 Nd8 23. Bd2 Kh7 24. g3 Ng7 25. Kg2 Nge6 26. Kf1 d4
27. c4 g5 28. Ke2 Kg6 29. Kd3 f5 30. Bb4 Kf6 31. c5 Bc7 32. Bxe6 Nxe6 33. Nxd4
Nxd4 34. Bc3 Ke6 35. Kxd4 h5 36. Kc4 a6 37. Bd2 Bd8 38. b4 Be7 39. a4 Bd8 40.
b5 axb5+ 41. axb5 g4 42. fxg4 hxg4 43. Bf4 1-0

[Event "ODJM A 2015"]
[Site "Willingen GER"]
[Date "2015.05.29"]
[Round "8"]
[White "Tham, Minh"]
[Black "Udaykumar, Arunn Mark"]
[Result "1-0"]
[Termination "normal"]
[Board "33"]
[WhiteElo "1600"]
[BlackElo "1824"]
[PlyCount "105"]
[WhiteFideId "12997323"]
[BlackFideId "12965456"]
[EventCountry "GER"]
[EventRounds "9"]
[EventType "swiss"]
[EventDate "2015.05.23"]

1. e4 e5 2. Nf3 Nc6 3. Bb5 a6 4. Ba4 Nf6 5. O-O b5 6. Bb3 Be7 7. Qe2 O-O 8. d4
d6 9. c3 Bg4 10. Rd1 Nd7 11. Bd5 Ndb8 12. dxe5 Qe8 13. exd6 Bxd6 14. Be3 Bxf3
15. gxf3 Kh8 16. f4 f6 17. Kh1 b4 18. cxb4 Bxb4 19. a3 Bd6 20. Nd2 a5 21. Rac1
Ra6 22. Bc4 Ra8 23. Bb5 g5 24. f5 Qe5 25. Nf3 Qxe4 26. Rc5 Qxf5 27. Bxc6 Nxc6
28. Rxc6 g4 29. Rcxd6 cxd6 30. Ne1 d5 31. Qd3 Qe4+ 32. Qxe4 dxe4 33. Bd4 Kg7
34. Bc3 Kg6 35. Nc2 f5 36. Rd6+ Kg5 37. Bg7 Rfc8 38. Bh6+ Kh5 39. Bf4 g3 40. h3
g2+ 41. Kxg2 Rg8+ 42. Kh2 Rg6 43. Rd7 h6 44. Rf7 Rc6 45. Rh7 Rg8 46. Ne3 Rf6
47. Nf1 Rgg6 48. Ng3+ Kh4 49. Bxh6 Rxh6 50. Rxh6+ Rxh6 51. Nxf5+ Kg5 52. Nxh6
Kxh6 53. b4 1-0

[Event "ODJM A 2015"]
[Site "Willingen GER"]
[Date "2015.05.29"]
[Round "8"]
[White "Ehmann, Johanna"]
[Black "Brunner, Tobias"]
[Result "1/2-1/2"]
[Termination "normal"]
[Board "34"]
[WhiteElo "1671"]
[BlackElo "1717"]
[PlyCount "114"]
[WhiteFideId "12953130"]
[BlackFideId "12949833"]
[EventCountry "GER"]
[EventRounds "9"]
[EventType "swiss"]
[EventDate "2015.05.23"]

1. e4 e5 2. Nf3 d6 3. d4 exd4 4. Bc4 Be6 5. Bxe6 fxe6 6. Nxd4 e5 7. Ne6 Qe7 8.
Nxf8 Qxf8 9. Nc3 Nf6 10. O-O Qf7 11. Qf3 O-O 12. Nd5 Qd7 13. Qb3 Nxd5 14. Qxd5+
Kh8 15. Qxb7 Nc6 16. Qb3 Nd4 17. Qd3 Qg4 18. f3 Qg6 19. c3 Ne6 20. Bd2 Nf4 21.
Bxf4 Rxf4 22. Qe3 h5 23. Qe1 Raf8 24. Qg3 Qh6 25. Qf2 Rxe4 26. Qxa7 Ref4 27.
Qxc7 e4 28. Rae1 exf3 29. Rxf3 Rxf3 30. gxf3 Rf6 31. Qc4 Qd2 32. Qe2 Rg6+ 33.
Kh1 Qg5 34. Qf2 Qd5 35. a3 Rf6 36. Qe3 Rxf3 37. Qe8+ Rf8+ 38. Qe4 Qb5 39. Qe2
Qg5 40. Qg2 Qf6 41. Kg1 Rb8 42. Re2 Rf8 43. Rf2 Qe7 44. Rxf8+ Qxf8 45. Qg6 Qf3
46. Qxd6 Qe3+ 47. Kg2 Qe2+ 48. Kg3 Qxb2 49. Qf8+ Kh7 50. Qf5+ Kg8 51. Qxh5
Qxc3+ 52. Qf3 Qe1+ 53. Kg2 Qd2+ 54. Qf2 Qd5+ 55. Qf3 Qd2+ 56. Kg3 Qd6+ 57. Kg2
Qd2+ 1/2-1/2

[Event "ODJM A 2015"]
[Site "Willingen GER"]
[Date "2015.05.29"]
[Round "8"]
[White "Zesewitz, Maik"]
[Black "Hundrieser, Malte"]
[Result "1/2-1/2"]
[Termination "normal"]
[Board "35"]
[WhiteElo "1604"]
[BlackElo "1659"]
[PlyCount "49"]
[WhiteFideId "12905640"]
[BlackFideId "12997153"]
[EventCountry "GER"]
[EventRounds "9"]
[EventType "swiss"]
[EventDate "2015.05.23"]

1. d4 d5 2. c4 e6 3. Nf3 Nf6 4. Bg5 Be7 5. e3 O-O 6. Nc3 Nbd7 7. cxd5 exd5 8.
Bd3 c6 9. O-O Re8 10. Qc2 Nf8 11. a3 Ne4 12. Bxe7 Qxe7 13. b4 Ng6 14. b5 Bg4
15. Nd2 Nxc3 16. Qxc3 cxb5 17. Bxb5 Rec8 18. Qb3 Qg5 19. Rfc1 Nh4 20. g3 Nf3+
21. Nxf3 Bxf3 22. Bd7 Rxc1+ 23. Rxc1 b6 24. Qc2 Qe7 25. Qa4 1/2-1/2

[Event "ODJM A 2015"]
[Site "Willingen GER"]
[Date "2015.05.29"]
[Round "8"]
[White "Lohrmann, Tabea"]
[Black "Meyer, Nico"]
[Result "1-0"]
[Termination "normal"]
[Board "36"]
[WhiteElo "1493"]
[BlackElo "1447"]
[PlyCount "63"]
[WhiteFideId "12911941"]
[BlackFideId "12975257"]
[EventCountry "GER"]
[EventRounds "9"]
[EventType "swiss"]
[EventDate "2015.05.23"]

1. e4 e5 2. Nf3 Nc6 3. d4 exd4 4. Bc4 Bc5 5. O-O Nge7 6. Ng5 d5 7. exd5 Na5 8.
b3 O-O 9. Bd3 Bf5 10. a3 h6 11. Nf3 Bxd3 12. Qxd3 Nxd5 13. b4 Nxb4 14. axb4
Bxb4 15. Qxd4 Nc6 16. Qg4 Qf6 17. Ra4 a5 18. Ba3 b5 19. Bxb4 Nxb4 20. Ra3 c5
21. Re3 a4 22. Na3 Nd5 23. Re5 Qc6 24. Qe4 b4 25. Nc4 a3 26. Qxd5 Qa4 27. Nb6
Qxc2 28. Nxa8 a2 29. Qxc5 Qxc5 30. Rxc5 Rxa8 31. Ra1 b3 32. Rb5 1-0

[Event "ODJM A 2015"]
[Site "Willingen GER"]
[Date "2015.05.29"]
[Round "8"]
[White "Sauer, Annika"]
[Black "Kappelmann, Florian"]
[Result "1/2-1/2"]
[Termination "normal"]
[Board "38"]
[WhiteElo "1646"]
[BlackElo "1701"]
[PlyCount "47"]
[WhiteFideId "12952052"]
[BlackFideId "12973165"]
[EventCountry "GER"]
[EventRounds "9"]
[EventType "swiss"]
[EventDate "2015.05.23"]

1. d4 b6 2. Nf3 Bb7 3. e3 e6 4. Bd3 Nf6 5. Nbd2 c5 6. b3 Nc6 7. Bb2 d5 8. O-O
Bd6 9. a3 O-O 10. Rc1 Qe7 11. dxc5 bxc5 12. c4 Rfd8 13. Qc2 d4 14. exd4 cxd4
15. c5 Bc7 16. b4 a6 17. Rfe1 h6 18. Nb3 Qd7 19. Rcd1 e5 20. Nbd2 Re8 21. Ne4
Nd5 22. Bc4 Nf4 23. Bc1 Ne6 24. Ng3 1/2-1/2

[Event "ODJM A 2015"]
[Site "Willingen GER"]
[Date "2015.05.29"]
[Round "8"]
[White "Kornitzky, Tino"]
[Black "Wissing, Philipp"]
[Result "1-0"]
[Termination "normal"]
[Board "39"]
[WhiteElo "1622"]
[BlackElo "1558"]
[PlyCount "29"]
[WhiteFideId "12970379"]
[BlackFideId "12993654"]
[EventCountry "GER"]
[EventRounds "9"]
[EventType "swiss"]
[EventDate "2015.05.23"]

1. d4 d5 2. c4 c6 3. e3 Bf5 4. cxd5 cxd5 5. Qb3 Qb6 6. Qxd5 e6 7. Bb5+ Nc6 8.
Qb3 Bb4+ 9. Qxb4 O-O-O 10. Qb3 Na5 11. Qc3+ Kb8 12. Be2 Rc8 13. Qd2 Rc2 14. Qd1
Qb4+ 15. Nc3 1-0

[Event "ODJM A 2015"]
[Site "Willingen GER"]
[Date "2015.05.29"]
[Round "8"]
[White "Sinnhöfer, Jonas"]
[Black "Leimbach, Tim Vincent"]
[Result "1/2-1/2"]
[Termination "normal"]
[Board "40"]
[WhiteElo "1671"]
[BlackElo "1699"]
[PlyCount "67"]
[WhiteFideId "12982938"]
[BlackFideId "12988600"]
[EventCountry "GER"]
[EventRounds "9"]
[EventType "swiss"]
[EventDate "2015.05.23"]

1. e4 e5 2. Nf3 Nc6 3. Bb5 a6 4. Bxc6 dxc6 5. O-O Bg4 6. h3 Bh5 7. d3 Qf6 8.
Nbd2 Bd6 9. Re1 Ne7 10. d4 O-O-O 11. c3 g5 12. Nf1 Bxf3 13. Qxf3 Qxf3 14. gxf3
Rdg8 15. Ne3 f6 16. Kf1 Ng6 17. Nc4 Nf4 18. Bxf4 gxf4 19. Nxd6+ cxd6 20. Ke2
Rg2 21. Rh1 Kd7 22. Rad1 b5 23. b3 Rb8 24. Kf1 Rg5 25. Rg1 Rxg1+ 26. Kxg1 h5
27. Rd2 Kc7 28. Kf1 a5 29. Rd1 a4 30. b4 Kd7 31. Ke2 Rg8 32. Rc1 d5 33. Rd1 Ke6
34. Kf1 1/2-1/2

[Event "ODJM A 2015"]
[Site "Willingen GER"]
[Date "2015.05.29"]
[Round "8"]
[White "Stockter, Jasper Enno"]
[Black "Schulz, Theresa Charlotte"]
[Result "1/2-1/2"]
[Termination "normal"]
[Board "41"]
[WhiteElo "1484"]
[BlackElo "1611"]
[PlyCount "65"]
[WhiteFideId "12957291"]
[BlackFideId "12952206"]
[EventCountry "GER"]
[EventRounds "9"]
[EventType "swiss"]
[EventDate "2015.05.23"]

1. e4 c6 2. d4 d5 3. exd5 cxd5 4. Bd3 Nf6 5. Nf3 Nc6 6. c3 Bg4 7. Bf4 e6 8.
Nbd2 Be7 9. Qc2 Bxf3 10. Nxf3 h6 11. Bg3 Rc8 12. a3 O-O 13. O-O Re8 14. Rfe1 a6
15. Reb1 Nh5 16. Qe2 Nxg3 17. hxg3 Bd6 18. Re1 e5 19. dxe5 Nxe5 20. Nd4 Nc4 21.
Qxe8+ Qxe8 22. Rxe8+ Rxe8 23. Bxc4 dxc4 24. Kf1 Kf8 25. Re1 Bc5 26. Rxe8+ Kxe8
27. Nf5 Bf8 28. Ke2 Kd7 29. Ke3 Ke6 30. Ke4 g6 31. Nd4+ Kd6 32. g4 Be7 33. g3
1/2-1/2

[Event "ODJM A 2015"]
[Site "Willingen GER"]
[Date "2015.05.30"]
[Round "9"]
[White "Steingräber, Kai Uwe"]
[Black "Meißner, Felix"]
[Result "0-1"]
[Termination "normal"]
[Board "1"]
[BlackTitle "FM"]
[WhiteElo "2195"]
[BlackElo "2268"]
[WhiteClock "00:02:17"]
[BlackClock "00:13:25"]
[PlyCount "74"]
[WhiteFideId "1271602"]
[BlackFideId "24671827"]
[EventCountry "GER"]
[EventRounds "9"]
[EventType "swiss"]
[EventDate "2015.05.23"]

1. e4 c5 2. Nf3 d6 3. d4 cxd4 4. Nxd4 Nf6 5. Nc3 Nbd7 6. Bg5 h6 7. Bh4 Qb6 8.
Nb3 e6 9. f3 a6 10. Qd2 Be7 11. Bf2 Qc7 12. O-O-O b5 13. Kb1 Rb8 14. Bd3 Ne5
15. f4 Nc4 16. Qe2 Nd7 17. f5 O-O 18. g4 Nde5 19. h4 b4 20. Na4 Bd7 21. g5 Bxa4
22. Rdg1 Rfc8 23. gxh6 g6 24. h5 g5 25. Bh4 f6 26. Nd4 Nxd3 27. cxd3 Na3+ 28.
Ka1 e5 29. Ne6 Nc2+ 30. Kb1 Nd4 31. Qe3 Bc2+ 32. Kc1 Nxe6 33. fxe6 Bxd3+ 34.
Kd2 Qc2+ 35. Ke1 Qc1+ 36. Kf2 Rc2+ 37. Kf3 Be2+ 0-1

[Event "ODJM A 2015"]
[Site "Willingen GER"]
[Date "2015.05.30"]
[Round "9"]
[White "Oberhofer, Cédric"]
[Black "Poetsch, Hagen"]
[Result "0-1"]
[Termination "normal"]
[Board "2"]
[BlackTitle "IM"]
[WhiteElo "2136"]
[BlackElo "2481"]
[WhiteClock "00:02:45"]
[BlackClock "00:05:26"]
[PlyCount "136"]
[WhiteFideId "12941220"]
[BlackFideId "24615137"]
[EventCountry "GER"]
[EventRounds "9"]
[EventType "swiss"]
[EventDate "2015.05.23"]

1. e4 c5 2. Nf3 d6 3. d4 cxd4 4. Nxd4 Nf6 5. Nc3 a6 6. f4 Nbd7 7. Qf3 g6 8. Be3
e5 9. Nb3 b5 10. a3 Bb7 11. Bd3 exf4 12. Qxf4 Ne5 13. O-O Bg7 14. Be2 O-O 15.
Rad1 Qc7 16. Qh4 Ne8 17. Kh1 Nc4 18. Bxc4 bxc4 19. Nd2 Rb8 20. Nf3 Ba8 21. Rb1
Qd8 22. Bg5 f6 23. Bh6 Bxh6 24. Qxh6 Qe7 25. Rfe1 Nc7 26. Qh4 Qf7 27. Red1 Rbd8
28. Qg3 Qe6 29. Re1 Nb5 30. Nd5 Bxd5 31. exd5 Qxd5 32. Rbd1 Qc5 33. a4 Nc7 34.
Re7 Nd5 35. Re6 Ne3 36. Re1 Nxc2 37. R1e2 Nd4 38. Nxd4 Qxd4 39. Re7 Rf7 40.
Rxf7 Kxf7 41. Qe1 Rd7 42. Re8 Qd5 43. h3 g5 44. Qe2 Qf5 45. g4 Qd5+ 46. Kg1 Rb7
47. Rh8 Kg7 48. Re8 Qd4+ 49. Kf1 Qf4+ 50. Kg2 Kh6 51. Re7 Rxe7 52. Qxe7 Qd2+
53. Kg1 Qd1+ 54. Kg2 Qd2+ 55. Kg1 Qc1+ 56. Kg2 Qc2+ 57. Kf3 Qb3+ 58. Kg2 Qxb2+
59. Kg1 Qb1+ 60. Kg2 Qc2+ 61. Kg1 Qd1+ 62. Kg2 Qd5+ 63. Kg1 Kg6 64. Qe8+ Qf7
65. Qc8 d5 66. Qxa6 Qc7 67. Kg2 c3 68. Qa8 Kg7 0-1

[Event "ODJM A 2015"]
[Site "Willingen GER"]
[Date "2015.05.30"]
[Round "9"]
[White "Kardoeus, David"]
[Black "Wenninger, Philipp"]
[Result "1/2-1/2"]
[Termination "normal"]
[Board "3"]
[WhiteElo "2176"]
[BlackElo "2268"]
[WhiteClock "00:08:34"]
[BlackClock "00:05:21"]
[PlyCount "69"]
[WhiteFideId "12912050"]
[BlackFideId "4648404"]
[EventCountry "GER"]
[EventRounds "9"]
[EventType "swiss"]
[EventDate "2015.05.23"]

1. e4 c6 2. d4 d5 3. e5 c5 4. dxc5 e6 5. a3 Bxc5 6. b4 Bb6 7. Qg4 g6 8. Bb2 Nc6
9. Nf3 Nge7 10. Nbd2 Bd7 11. c4 Bc7 12. b5 Na5 13. c5 Rc8 14. Qb4 O-O 15. Bd3
Nc4 16. Bxc4 dxc4 17. O-O c3 18. Bxc3 Nd5 19. Qc4 Nxc3 20. Qxc3 Bxb5 21. Rfb1
Bc6 22. Nc4 Bd5 23. Rb5 a6 24. Rb4 Qe7 25. Qd4 Bxc4 26. Rxc4 Rfd8 27. Qc3 Rd5
28. g3 Bb8 29. Rc1 Ba7 30. c6 b5 31. Rh4 Rc5 32. Qd2 R8xc6 33. Rxc5 Qxc5 34.
Qd8+ Qf8 35. Qd7 1/2-1/2

[Event "ODJM A 2015"]
[Site "Willingen GER"]
[Date "2015.05.30"]
[Round "9"]
[White "Borchert, René"]
[Black "Riehle, Marco"]
[Result "0-1"]
[Termination "normal"]
[Board "4"]
[WhiteElo "1979"]
[BlackElo "2062"]
[WhiteClock "00:02:15"]
[BlackClock "01:06:37"]
[PlyCount "71"]
[WhiteFideId "12990671"]
[BlackFideId "12904392"]
[EventCountry "GER"]
[EventRounds "9"]
[EventType "swiss"]
[EventDate "2015.05.23"]

1. e4 e5 2. Nf3 Nf6 3. Nxe5 Nxe4 4. Qe2 Qe7 5. Qxe4 d6 6. d4 dxe5 7. dxe5 Nc6
8. Bb5 Bd7 9. Nc3 O-O-O 10. Bf4 g5 11. Be3 Nxe5 12. Bxd7+ Rxd7 13. O-O Nc6 14.
Qf5 h6 15. Rfe1 Qe6 16. Qb5 a6 17. Qa4 Qf5 18. Ne4 Bb4 19. c3 Qxe4 20. Bd4 Rxd4
21. Rxe4 Rxe4 22. cxb4 Rhe8 23. f3 Rxb4 24. Qc2 Nd4 25. Qd2 Ne2+ 26. Kf1 Rd4
27. Qc2 Nf4 28. Rc1 Rd7 29. Qf5 Re6 30. g3 Nd5 31. Kg1 Ne3 32. Qc5 Nd1 33. Qb4
b6 34. Kf1 a5 35. Qb5 Rd2 36. b4 0-1

[Event "ODJM A 2015"]
[Site "Willingen GER"]
[Date "2015.05.30"]
[Round "9"]
[White "Zahn, Benno"]
[Black "Schmider, Niklas"]
[Result "0-1"]
[Termination "normal"]
[Board "5"]
[WhiteElo "2056"]
[BlackElo "2014"]
[WhiteClock "00:00:38"]
[BlackClock "00:01:52"]
[PlyCount "78"]
[WhiteFideId "24636070"]
[BlackFideId "12993778"]
[EventCountry "GER"]
[EventRounds "9"]
[EventType "swiss"]
[EventDate "2015.05.23"]

1. e4 c5 2. Nf3 Nc6 3. d4 cxd4 4. Nxd4 g6 5. c4 Nf6 6. Nc3 Nxd4 7. Qxd4 d6 8.
Bg5 Bg7 9. Nd5 O-O 10. Bxf6 exf6 11. Qd2 f5 12. exf5 Bxf5 13. Be2 Rc8 14. O-O
b5 15. Rac1 bxc4 16. Rxc4 Rxc4 17. Bxc4 Re8 18. b3 Be6 19. Bb5 Rf8 20. Rc1 Qh4
21. Rc7 Be5 22. f4 Bg7 23. Ne7+ Kh8 24. Nc6 Qf6 25. Rxa7 Qa1+ 26. Kf2 Bc3 27.
Qe2 Re8 28. Re7 Bd4+ 29. Kf3 Qc3+ 30. Qd3 Qxd3+ 31. Bxd3 Bd5+ 32. Kg4 Bxc6 33.
Rxf7 Bxg2 34. Kg5 Bg7 35. Rd7 d5 36. a4 Be4 37. Bb5 h6+ 38. Kh4 Rc8 39. b4 Bf5
0-1

[Event "ODJM A 2015"]
[Site "Willingen GER"]
[Date "2015.05.30"]
[Round "9"]
[White "Koch, Yannick"]
[Black "Böhning, Kilian"]
[Result "1/2-1/2"]
[Termination "normal"]
[Board "6"]
[WhiteElo "1892"]
[BlackElo "2016"]
[WhiteClock "00:43:00"]
[BlackClock "01:05:40"]
[PlyCount "41"]
[WhiteFideId "24661678"]
[BlackFideId "1270499"]
[EventCountry "GER"]
[EventRounds "9"]
[EventType "swiss"]
[EventDate "2015.05.23"]

1. d4 f5 2. g3 g6 3. Bg2 Bg7 4. Nf3 Nf6 5. O-O O-O 6. c4 d6 7. Nc3 c6 8. Rb1
Qe8 9. b4 e5 10. dxe5 dxe5 11. e4 Nh5 12. b5 f4 13. Ba3 Be6 14. Bxf8 Qxf8 15.
bxc6 bxc6 16. Qa4 fxg3 17. hxg3 Qc5 18. Qb4 Nd7 19. Qxc5 Nxc5 20. Rfd1 Bf6 21.
Rd6 1/2-1/2

[Event "ODJM A 2015"]
[Site "Willingen GER"]
[Date "2015.05.30"]
[Round "9"]
[White "Quante, Lennart"]
[Black "Balazs, Balint"]
[Result "1-0"]
[Termination "normal"]
[Board "7"]
[WhiteElo "2092"]
[BlackElo "2034"]
[WhiteClock "00:08:59"]
[BlackClock "00:40:20"]
[PlyCount "95"]
[WhiteFideId "12979627"]
[BlackFideId "12922757"]
[EventCountry "GER"]
[EventRounds "9"]
[EventType "swiss"]
[EventDate "2015.05.23"]

1. d4 d5 2. c4 e6 3. Nf3 c6 4. Qc2 Be7 5. e3 Nf6 6. Nc3 O-O 7. Bd3 Nbd7 8. O-O
Qc7 9. Ne2 Nb6 10. b3 dxc4 11. bxc4 c5 12. Bb2 Nbd7 13. Rfd1 a6 14. a4 b6 15.
d5 exd5 16. cxd5 Bb7 17. e4 Bd6 18. Ng3 Ne5 19. Be2 Rfe8 20. Nd2 Ned7 21. Bd3
Ne5 22. Bf1 Neg4 23. Nc4 Bxg3 24. hxg3 Rxe4 25. d6 Qd8 26. f3 Rxc4 27. Bxc4 Ne3
28. Qb3 Nxc4 29. Qxc4 Qd7 30. Qf4 Re8 31. Bxf6 gxf6 32. Re1 Re6 33. Rad1 Bc6
34. Qg4+ Kf8 35. Rxe6 fxe6 36. Qf4 Kg7 37. Qg4+ Kf8 38. Qh4 Kg7 39. a5 b5 40.
Kf2 c4 41. Rh1 Kg8 42. Qxf6 Qxd6 43. Rh4 Be8 44. Re4 Bf7 45. Rd4 Qc5 46. Kf1
Qc6 47. Rd8+ Be8 48. Qe7 1-0

[Event "ODJM A 2015"]
[Site "Willingen GER"]
[Date "2015.05.30"]
[Round "9"]
[White "Bösel, Alexander"]
[Black "Schnabel, Bennett"]
[Result "1-0"]
[Termination "normal"]
[Board "8"]
[WhiteElo "1992"]
[BlackElo "1864"]
[WhiteClock "00:05:22"]
[BlackClock "00:04:32"]
[PlyCount "75"]
[WhiteFideId "4623185"]
[BlackFideId "12943290"]
[EventCountry "GER"]
[EventRounds "9"]
[EventType "swiss"]
[EventDate "2015.05.23"]

1. d4 f5 2. c4 Nf6 3. Nc3 d6 4. Bg5 Nbd7 5. h4 e5 6. h5 Be7 7. e3 O-O 8. Qc2
exd4 9. exd4 Ne4 10. Bxe7 Qxe7 11. O-O-O Nxc3 12. Qxc3 Nf6 13. f3 Qf7 14. h6 g6
15. Nh3 Nh5 16. Ng5 Qf6 17. Qd2 Ng3 18. Rh2 Nxf1 19. Rxf1 Bd7 20. f4 b5 21.
cxb5 Bxb5 22. Re1 Rae8 23. Rhh1 Bd7 24. d5 c5 25. g3 Qd4 26. Qxd4 cxd4 27. Kd2
Bb5 28. Ne6 Rf7 29. Nxd4 Rxe1 30. Rxe1 Bc4 31. Ne6 Re7 32. Rc1 Bxd5 33. Rc8+
Kf7 34. Ng5+ Kf6 35. Rf8+ Bf7 36. Nxh7+ Ke6 37. Ng5+ Kf6 38. h7 1-0

[Event "ODJM A 2015"]
[Site "Willingen GER"]
[Date "2015.05.30"]
[Round "9"]
[White "Doberitz, Paul"]
[Black "Torzinski, Nils"]
[Result "1-0"]
[Termination "normal"]
[Board "10"]
[WhiteElo "2194"]
[BlackElo "1859"]
[PlyCount "47"]
[WhiteFideId "24646130"]
[BlackFideId "24695840"]
[EventCountry "GER"]
[EventRounds "9"]
[EventType "swiss"]
[EventDate "2015.05.23"]

1. e4 e5 2. Nf3 Nc6 3. Bb5 a6 4. Ba4 Nf6 5. O-O b5 6. Bb3 Be7 7. Re1 d6 8. c3
Nb8 9. d4 Nbd7 10. a4 Bb7 11. Nbd2 c5 12. d5 O-O 13. Nf1 Re8 14. Ng3 Bf8 15.
Nf5 g6 16. Nh6+ Kg7 17. Ng5 Re7 18. Nhxf7 Qb6 19. a5 Qc7 20. Ne6+ Rxe6 21. dxe6
Nb6 22. Bh6+ Kg8 23. Bxf8 Kxf8 24. Nxd6 1-0

[Event "ODJM A 2015"]
[Site "Willingen GER"]
[Date "2015.05.30"]
[Round "9"]
[White "Falke, Isaak"]
[Black "Scheinhütte, Jakob"]
[Result "1-0"]
[Termination "normal"]
[Board "11"]
[WhiteElo "2020"]
[BlackElo "1789"]
[PlyCount "57"]
[WhiteFideId "24614483"]
[BlackFideId "24693944"]
[EventCountry "GER"]
[EventRounds "9"]
[EventType "swiss"]
[EventDate "2015.05.23"]

1. d4 Nf6 2. c4 g6 3. Nc3 Bg7 4. e4 O-O 5. e5 Ne8 6. f4 d6 7. Be3 c5 8. dxc5
Qa5 9. Nf3 Nc6 10. cxd6 exd6 11. a3 dxe5 12. b4 Nxb4 13. axb4 Qxb4 14. Bd2 exf4
15. Nd5 Qd6 16. Ra2 Nf6 17. Bxf4 Qc5 18. Be2 Nxd5 19. cxd5 Bc3+ 20. Bd2 Qxd5
21. Rc2 Ba5 22. O-O Bf5 23. Bxa5 Qxa5 24. Rb2 a6 25. Rxb7 Rfd8 26. Qb3 Be6 27.
Qb6 Qxb6+ 28. Rxb6 a5 29. Ra1 1-0

[Event "ODJM A 2015"]
[Site "Willingen GER"]
[Date "2015.05.30"]
[Round "9"]
[White "Heldt, Nils-Lennart"]
[Black "Boes, Julian"]
[Result "0-1"]
[Termination "normal"]
[Board "12"]
[WhiteElo "1844"]
[BlackElo "1936"]
[PlyCount "78"]
[WhiteFideId "12952109"]
[BlackFideId "12907723"]
[EventCountry "GER"]
[EventRounds "9"]
[EventType "swiss"]
[EventDate "2015.05.23"]

1. d4 d5 2. c4 e6 3. Nc3 Nf6 4. cxd5 exd5 5. Bg5 Be7 6. e3 O-O 7. Qc2 Nbd7 8.
Bd3 c6 9. Nge2 Re8 10. O-O Nf8 11. f3 Be6 12. e4 dxe4 13. fxe4 Ng4 14. Bxe7
Qxe7 15. Rf3 c5 16. d5 c4 17. dxe6 Nxe6 18. Bxc4 Qc5+ 19. Kh1 Qxc4 20. Raf1 Ne5
21. Rg3 Rad8 22. b3 Qc6 23. Qb1 Rd7 24. Qa1 Nc5 25. Nf4 Rd6 26. b4 Nxe4 27.
Nxe4 Qxe4 28. Nh5 Rg6 29. Re1 Qf5 30. Rge3 Rge6 31. Ng3 Qg5 32. Ne4 Qh6 33. Rh3
Qf4 34. Nc5 Ng4 35. Rf1 Nf2+ 36. Kg1 Nxh3+ 37. gxh3 Qg5+ 38. Kh1 Qd5+ 39. Kg1
Rg6+ 0-1

[Event "ODJM A 2015"]
[Site "Willingen GER"]
[Date "2015.05.30"]
[Round "9"]
[White "Terhuven, Patrick"]
[Black "Hirtreiter, Pierre"]
[Result "0-1"]
[Termination "normal"]
[Board "13"]
[WhiteElo "2028"]
[BlackElo "2027"]
[PlyCount "44"]
[WhiteFideId "12919098"]
[BlackFideId "12966312"]
[EventCountry "GER"]
[EventRounds "9"]
[EventType "swiss"]
[EventDate "2015.05.23"]

1. d4 Nf6 2. Nf3 c5 3. d5 g6 4. c4 Bg7 5. Nc3 O-O 6. e4 d6 7. h3 a6 8. a4 Re8
9. Bd3 e6 10. O-O exd5 11. exd5 Nfd7 12. Be3 Ne5 13. Nxe5 Bxe5 14. Qf3 f5 15.
Rfe1 Nd7 16. Bd2 Rf8 17. Bc2 Qh4 18. b3 Bd4 19. Rad1 Ne5 20. Qe2 f4 21. Be4 f3
22. Bxf3 Rxf3 0-1

[Event "ODJM A 2015"]
[Site "Willingen GER"]
[Date "2015.05.30"]
[Round "9"]
[White "Wachinger, David"]
[Black "Paulus, Jeffrey"]
[Result "1-0"]
[Termination "normal"]
[Board "14"]
[WhiteElo "1901"]
[BlackElo "1968"]
[PlyCount "109"]
[WhiteFideId "24692689"]
[BlackFideId "24692468"]
[EventCountry "GER"]
[EventRounds "9"]
[EventType "swiss"]
[EventDate "2015.05.23"]

1. e4 c5 2. c4 Nc6 3. Ne2 e5 4. d3 g6 5. g3 Bg7 6. Bg2 d6 7. O-O Nd4 8. Nbc3
Ne7 9. Nd5 O-O 10. Nxd4 cxd4 11. Nxe7+ Qxe7 12. Bd2 Be6 13. b4 Qd7 14. a4 a6
15. a5 b5 16. axb6 Qc6 17. Qa4 Qxb6 18. b5 Bd7 19. Rfb1 Rfb8 20. Qa2 Qa7 21.
Qxa6 Qxa6 22. bxa6 Rxb1+ 23. Rxb1 Bc8 24. a7 Rxa7 25. Rb8 Rc7 26. Bh3 f5 27.
exf5 Bf8 28. Bb4 Rb7 29. Rxb7 Bxb7 30. fxg6 hxg6 31. Bg2 Bc8 32. Be4 Kg7 33.
Kg2 Kf6 34. Ba5 Be7 35. h4 Bf5 36. Bxf5 gxf5 37. Kf3 Ke6 38. h5 d5 39. cxd5+
Kxd5 40. Ke2 e4 41. h6 Bf6 42. dxe4+ fxe4 43. g4 Ke6 44. Bd2 Kf7 45. g5 Be7 46.
f4 e3 47. Bxe3 dxe3 48. Kxe3 Kg6 49. Kf3 Bf8 50. Kg4 Bxh6 51. gxh6 Kxh6 52. Kf5
Kg7 53. Ke6 Kf8 54. Kf6 Kg8 55. Ke7 1-0